Fitting : (Record no. 53888)
[ view plain ]
| 000 -LEADER | |
|---|---|
| fixed length control field | 00807nam a2200253 a 4500 |
| 001 - CONTROL NUMBER | |
| control field | 53888 |
| 003 - CONTROL NUMBER IDENTIFIER | |
| rucl marc code | BD-RjUL |
| 005 - DATE AND TIME OF LATEST TRANSACTION | |
| control field | 20211209080034.0 |
| 008 - FIXED-LENGTH DATA ELEMENTS--GENERAL INFORMATION | |
| fixed length control field | 161029r19651945enka 000 0 eng |
| 035 ## - SYSTEM CONTROL NUMBER | |
| System control number | (BD-RjUL) 54010 |
| 040 ## - CATALOGING SOURCE | |
| Original cataloging agency | DLC |
| Transcribing agency | CLE |
| Modifying agency | BD-RjUL |
| Language of cataloging | eng |
| 041 ## - LANGUAGE CODE | |
| Language code of text/sound track or separate title | eng |
| 082 ## - DEWEY DECIMAL CLASSIFICATION NUMBER | |
| Classification number | 621.9 |
| Author mark and year | LEF 1965 |
| Edition number | 23 |
| 100 1# - MAIN ENTRY--PERSONAL NAME | |
| Personal name | Leeson, A. E. |
| Fuller form of name | (Albert Edward) |
| 9 (RLIN) | 44834 |
| 245 10 - TITLE STATEMENT | |
| Title | Fitting : |
| Remainder of title | small tool making-lathe work screw cutting-shaping and applied workshop technology / |
| Statement of responsibility, etc. | A. E. Leeson, Peter Sampson. |
| 250 ## - EDITION STATEMENT | |
| Edition statement | 2nd ed. |
| 260 ## - PUBLICATION, DISTRIBUTION, ETC. (IMPRINT) | |
| Place of publication, distribution, etc. | London : |
| Name of publisher, distributor, etc. | Sir I. Pitman & sons, ltd., |
| Date of publication, distribution, etc. | 1943 [Reprinted 1965]. |
| 300 ## - PHYSICAL DESCRIPTION | |
| Pagination | 128 p. : |
| Illustrations | ill. ; |
| Size | 22 cm. |
| 500 ## - GENERAL NOTE | |
| General note | Includes Index |
| 650 #0 - SUBJECT ADDED ENTRY--TOPICAL TERM | |
| Topical term or geographic name as entry element | Tools. |
| 9 (RLIN) | 44835 |
| Topical term or geographic name as entry element | Metal-work. |
| 9 (RLIN) | 44836 |
| 700 1# - ADDED ENTRY--PERSONAL NAME | |
| Personal name | Sampson, P. |
| Fuller form of name | (Peter) |
| 942 ## - ADDED ENTRY ELEMENTS (KOHA) | |
| Source of classification or shelving scheme | Dewey Decimal Classification |
| Koha item type | Books |
| Lost status | Source of classification or shelving scheme | Damaged status | Not for loan | Collection code | Permanent Location | Current Location | Shelving location | Date acquired | Source of acquisition | Cost, normal purchase price | Total Checkouts | Full call number | Date last seen | Copy number | Koha item type |
|---|---|---|---|---|---|---|---|---|---|---|---|---|---|---|---|
| Dewey Decimal Classification | Non-fiction | Central Library, University of Rajshahi | Central Library, University of Rajshahi | 25/07/1973 | Continental Publication | 1150.00 | 621.9 LEF 1965 | 29/10/2016 | C-2 | Books |